Alvaro Soler - Sophia tekst - Statystyki

Ogólne statystyki
  • Ten quiz został rozwiązany 9 razy
  • Średni wynik to 107 z 199
Statystyki odpowiedzi
Hint Odpowiedź % Poprawnych
Sofía
100%
mira
89%
sin
89%
tu
89%
solo
78%
mirada
67%
67%
cómo
56%
dime
44%
el
44%
él
44%
en
44%
no
44%
sigo
44%
. Sueño
44%
corazón
33%
cuando
33%
dices
33%
era
33%
momento
33%
oh
33%
pequeño
33%
por qué
33%
preocupación
33%
que
33%
te mira
33%
te veo
33%
Y
33%
ya
33%
aquel
22%
desapareció
22%
eh
22%
éramos
22%
felices
22%
las alas
22%
la verdad
22%
me dices
22%
no soy
22%
se desvaneció
22%
soñar
22%
te corté
22%
te creo
22%
te deseo
22%
todo
22%
volar
22%
ya pasó
22%
te hizo
11%
viendo
11%
Nie znaleziono quizów pasujących do podanych kryteriów
Rozkład punktacji
Procent ludzi z każdym wynikiem
Percentyl według liczby udzielonych odpowiedzi
Twoja historia wyników
Nie rozwiązałeś tego quizu